| 000 | 00491nam a2200169Ia 4500 | ||
|---|---|---|---|
| 003 | GCL | ||
| 008 | 140319s9999 xx 000 0 ara d | ||
| 040 |
_aGCL / _cGCL |
||
| 082 | 0 | 4 |
_a400.13 _bت م |
| 100 | 1 | _aتحية عبدالعزيز اسماعيل | |
| 245 | 1 | 0 |
_aمن غيب اللغة والتاريخ / _cتحية عبدالعزيز اسماعيل |
| 300 | _a473 | ||
| 490 |
_a100 قصة _v0 |
||
| 650 | 0 | 4 | _aاللغة العربية |
| 650 | 0 | 4 | _aالتاريخ |
| 942 |
_2ddc _cBK |
||
| 999 |
_c43920 _d43920 |
||